| 000 | 00832cab a2200289 4500 | ||
|---|---|---|---|
| 001 | ABS58643 | ||
| 008 | 090401t1998 xxu||||| |||| 00| 0 eng d | ||
| 035 | _a(Sirsi) u85673 | ||
| 041 | _aeng | ||
| 100 | _aMurdoch, J. | ||
| 245 | _aClose brackets | ||
| 260 | _c1998 | ||
| 350 | _a0 | ||
| 490 |
_aEstates Gazette _v(9814) 4 April 1998, 125-127(3) |
||
| 520 | _aExamines the margin of error principle, when determining whether a valuer is negligent. Drawing on research findings by the authors, using case law. References. | ||
| 650 | _aACCURACY | ||
| 650 | _aBRACKET PRINCIPLE | ||
| 650 | _aMARGIN OF ERROR | ||
| 650 | _aNEGLIGENCE | ||
| 650 |
_aValuation _96273 |
||
| 650 | _aVARIATION | ||
| 690 | _aRATING AND VALUATION | ||
| 700 | _aLavers, A. | ||
| 700 | _aCrosby, N. | ||
| 942 | _n0 | ||
| 948 | _c17/04/1998 | ||
| 999 |
_c53889 _d53889 |
||